000 01462nam a22002417a 4500
003 SISC
005 20180314094616.0
008 180314b xxu||||| |||| 00| 0 eng d
020 _a9781449456146
050 _aPR 9619.4 .L446
_bL68 2013
100 _aLeav, Lang
245 _aLove & misadventure /
_cwritten and illustrated by Lang Leav
246 _aLove and misadventure
260 _aKansas City, Missouri:
_bAndrews McMeel Publishing,
_cc2013.
300 _a155 pages :
_billustrations ;
_c21 cm.
500 _aIncludes index.
520 _aBeautifully illustrated and thoughtfully conceived, Love and Misadventure will take you on a rollercoaster ride through an ill-fated love affairfrom the initial butterflies through the soaring heights to the devastating plunge. And, in the end, the message is one of hope. The journey from love to heartbreak to finding love again is personal yet universal. Lang Leav's evocative poetry speaks to the soul of anyone who is on this journey. Leav has an unnerving ability to see inside the hearts and minds of her readers. Her talent for translating complex emotions with astonishing simplicity has won her a cult following of devoted fans from all over the world.
650 _2Library of Congress Subject Headings
_aLove poetry
650 _2Library of Congress Subject Headings
_aAustralia
_xPoetry
650 _2Library of Congress Subject Headings
_aEnglish poetry
942 _2lcc
_cBK
999 _c356289
_d356289